000 00507nam a2200181Ia 4500
999 _c1592
_d1592
003 OSt
005 20200924114330.0
008 190216s9999||||xx |||||||||||||| ||und||
020 _a8123907796
040 _coclc
082 _a572.8
_bSIN/B
100 _a Singh, Ram Naresh
_94928
245 0 _aBasics Of Molecular Biology /
_cRam Naresh Singh
260 _bCbs Publishers,
_aNew Delhi:
_c2005.
300 _a252p
650 _aBotany
942 _cBK
_2ddc
_h572.8
_iSIN/B
_k572.8
_mSIN/B